Ex libris [rajz] /

Elmentve itt :
Bibliográfiai részletek
Szerző: Csányi Károly
Dokumentumtípus: Cikk
Megjelent: 1911
Sorozat:Kultura [!Kultúra] : irodalmi, művészeti, kritikai képes havi folyóirat 1 No. 2
Kulcsszavak:Művészet
Online Access:http://misc.bibl.u-szeged.hu/982
LEADER 00583nab a2200169 i 4500
001 misc982
005 20191106143715.0
008 170607s1911 hu o 0|| hun d
040 |a SZTE Miscellanea Repozitórium  |b hun 
041 |a hun 
100 1 |a Csányi Károly 
245 1 0 |a Ex libris   |h [elektronikus dokumentum] :  |b [rajz] /  |c  Csányi Károly 
260 |c 1911 
300 |a 131 
490 0 |a Kultura [!Kultúra] : irodalmi, művészeti, kritikai képes havi folyóirat  |v 1 No. 2 
695 |a Művészet 
856 4 0 |u http://misc.bibl.u-szeged.hu/982/1/kultura_001_002_131.pdf  |z Dokumentum-elérés